Kansainvälinen yksikköjärjestelmä - Statistics

Yleistilastot
  • Tätä visaa on pelattu 610 kertaa
  • Keskiarvotulos 21 / 49
Vastaustilastot
Lyhenne Yksikkö % Oikein
k kilo
100%
kg kilogramma
97%
m metri
97%
°C celsiusaste
84%
Hz hertsi
83%
mol mooli
77%
s sekunti
72%
J joule
70%
m milli
70%
c sentti
70%
W watti
70%
d desi
68%
Pa pascal
64%
M mega
62%
µ mikro
61%
n nano
61%
G giga
59%
Ω ohmi
59%
K kelvin
57%
A ampeeri
56%
h hehto
53%
T tera
52%
V voltti
52%
da deka
46%
N newton
46%
rad radiaani
44%
p piko
42%
lm luumen
32%
lx luksi
31%
Bq becquerel
25%
cd kandela
22%
Sv sievert
22%
P peta
21%
Wb weber
21%
C coulombi
15%
f femto
15%
Y jotta
13%
a atto
11%
F faradi
11%
T tesla
11%
E eksa
9%
Gy gray
8%
Z tsetta
7%
H henry
6%
S siemens
6%
y jokto
4%
kat katal
4%
sr steradiaani
4%
z tsepto
4%
Ehtoja vastaavia visoja ei löytynyt
Tulosjakauma
Jokaisen tuloksen saaneiden osuus
Persentiili vastausten määrän mukaan
Tuloshistoriasi
Et ole pelannut tätä visaa